Paesi che hanno cambiato nome - Statistics

Statistiche generali
  • Questo quiz è stato fatto 84 volte
  • Il punteggio medio è 24 su 47
Statistiche sulle risposte
Nome precedente Nome attuale % Corretto
Gallia Francia
91%
Rep. ex iugoslava di Macedonia Macedonia del Nord
90%
Birmania Myanmar
85%
Persia Iran
82%
Guyana olandese Suriname
82%
Russia Bianca Bielorussia
79%
Guinea spagnola Guinea Equatoriale
79%
Guinea portoghese Guinea Bissau
78%
Mesopotamia Iraq
78%
Abissinia Etiopia
72%
Transgiordania Giordania
72%
Swaziland eSwatini
71%
Zaire Rep. democratica del Congo
69%
Paesi Bassi austriaci Belgio
68%
Boemia-Moravia Cechia
66%
Dacia Romania
66%
Pakistan orientale Bangladesh
65%
Nuova Spagna Messico
62%
Siam Thailandia
60%
Ceylon Sri Lanka
56%
Africa del Sud-Ovest Namibia
54%
Formosa Taiwan
54%
Tanganika Tanzania
51%
Africa occidentale portoghese Angola
50%
Honduras britannico Belize
50%
Indie orientali olandesi Indonesia
49%
Africa orientale portoghese Mozambico
47%
Rhodesia del Nord Zambia
47%
Rhodesia del Sud Zimbabwe
47%
Catai Cina
44%
Pannonia Ungheria
44%
Costa d'Oro Ghana
40%
Sudan francese Mali
35%
Alto Volta Burkina Faso
32%
Kampuchea Cambogia
31%
Carniola Slovenia
31%
Dahomey Benin
29%
Bechuanaland Botswana
25%
Isole Gilbert Kiribati
25%
Basutoland Lesotho
25%
Isole Ellice Tuvalu
24%
Hejaz e Neged Arabia Saudita
22%
Nuova Granada Colombia
22%
Nuova Olanda Australia
21%
Nuove Ebridi Vanuatu
21%
Nyasaland Malawi
19%
Stati della Tregua Emirati Arabi Uniti
18%
Nessun quiz corrispondente trovato
Distribuzione punteggi
Percentuale di utenti per punteggio
Percentile per numero di risposta
I tuoi punteggi nel tempo
Non hai fatto questo quiz